[Event "Team B15 chess final 2018"]
[Site "Sochi"]
[Date "2018.05.02"]
[Round "2.2"]
[White "Ponomarev, Grigori"]
[Black "Zhuk, Kirill"]
[Result "1-0"]
[WhiteElo "2225"]
[BlackElo "2002"]
[PlyCount "47"]
[EventDate "2018.05.01"]

1. e4 e5 2. Nf3 Nc6 3. Bc4 Nf6 4. d3 h6 5. O-O d6 6. a4 g5 7. c3 Bg7 8. Na3 O-O
9. Re1 Re8 10. b4 Be6 11. b5 Nb8 12. Bxe6 Rxe6 13. Nc4 Nbd7 14. Ne3 Kh7 15. Nf5
Nf8 16. h4 gxh4 17. Nxg7 Kxg7 18. Nxh4 Ng8 19. Qh5 Ne7 20. Re3 Rf6 21. Rg3+ Kh7
22. Bxh6 Nfg6 23. Bg5+ Kg7 24. Qh6+ 1-0

[Event "Team B15 chess final 2018"]
[Site "Sochi"]
[Date "2018.05.02"]
[Round "2.3"]
[White "Zakirov, Artur"]
[Black "Minachev, Maksim"]
[Result "0-1"]
[WhiteElo "1922"]
[BlackElo "2026"]
[PlyCount "90"]
[EventDate "2018.05.01"]

1. e4 c5 2. Nf3 d6 3. d4 cxd4 4. Nxd4 Nf6 5. f3 e5 6. Nb3 d5 7. Bg5 Be6 8. exd5
Qxd5 9. Qxd5 Nxd5 10. Bd2 Nc6 11. Nc3 a5 12. Nxd5 Bxd5 13. Bb5 Bb4 14. c3 a4
15. cxb4 axb3 16. a3 O-O 17. Bc3 Rac8 18. O-O Na7 19. Bd3 f6 20. Rfd1 Be6 21.
b5 Rfd8 22. Ba5 Rxd3 23. Rxd3 Nxb5 24. Rd8+ Rxd8 25. Bxd8 Bf5 26. a4 Nd4 27.
Bb6 Nc6 28. Kf2 Nb4 29. Ke2 Nd3 30. Ra3 Nxb2 31. Rxb3 Nxa4 32. Bf2 b5 33. Kd2
Bd7 34. g3 Kf7 35. f4 exf4 36. gxf4 Ke6 37. Rb4 Bc6 38. Kc2 Kf5 39. h4 g6 40.
Kd2 Kg4 41. Bd4 Kxh4 42. Bxf6+ Kg4 43. Rxa4 bxa4 44. Be5 Kf3 45. Kc1 Bb5 0-1

[Event "Team B15 chess final 2018"]
[Site "Sochi"]
[Date "2018.05.02"]
[Round "2.4"]
[White "Babakekhyan, Artem"]
[Black "Lupolov, Boris"]
[Result "0-1"]
[WhiteElo "2042"]
[BlackElo "1929"]
[PlyCount "72"]
[EventDate "2018.05.01"]

1. Nf3 Nf6 2. d4 e6 3. e3 b6 4. Bd3 Bb7 5. Nbd2 d5 6. O-O Be7 7. b3 O-O 8. Bb2
Nbd7 9. Ne5 c5 10. f4 cxd4 11. exd4 Ne4 12. Qe2 f5 13. Nxd7 Qxd7 14. Nf3 Bd6
15. Qe3 Rac8 16. Ne5 Qe7 17. a4 a5 18. Rac1 Bb4 19. Bxe4 fxe4 20. c4 Bd6 21.
Rc2 Rc7 22. Rfc1 Rfc8 23. g3 Bxe5 24. fxe5 dxc4 25. bxc4 Qb4 26. Qa3 Ba6 27.
Qe3 Rxc4 28. Bc3 Qxa4 29. Qxe4 Rxc3 30. Rxc3 Rxc3 31. Qa8+ Bc8 32. Rxc3 Qd1+
33. Kg2 Qd2+ 34. Kh3 Qxc3 35. Qb8 Qc6 36. Qa7 Qb7 0-1

[Event "Team B15 chess final 2018"]
[Site "Sochi"]
[Date "2018.05.02"]
[Round "2.1"]
[White "Stukan, Martin"]
[Black "Kharitonov, Egor"]
[Result "0-1"]
[WhiteElo "2213"]
[BlackElo "2045"]
[PlyCount "78"]
[EventDate "2018.05.01"]
[WhiteTeam "Ð¡Ð¨ "]

1. e4 c5 2. Nf3 e6 3. d4 cxd4 4. Nxd4 Nf6 5. Nc3 Bb4 6. e5 Nd5 7. Bd2 Nxc3 8.
bxc3 Bf8 9. Bd3 d6 10. exd6 Bxd6 11. Qh5 Bd7 12. Nb5 Bc6 13. Nxd6+ Qxd6 14. O-O
Nd7 15. c4 Nf6 16. Qh4 O-O-O 17. Rfe1 e5 18. Bc3 Rhe8 19. Bf5+ Kb8 20. Qg3 e4
21. Qxg7 Nh5 22. Qxh7 Nf4 23. g3 e3 24. fxe3 Ng2 25. Red1 Qxd1+ 26. Rxd1 Rxd1+
27. Kf2 Nxe3 28. Bh3 Rc1 29. Bd2 Rxc2 30. Qd3 Rxa2 31. Qd6+ Ka8 32. Bf1 a5 33.
Be2 Nf5 34. Qd3 Ng7 35. Be3 Ne6 36. Qb3 Rxe2+ 37. Kf1 Nd4 38. Qb6 R2xe3 39.
Qxa5+ Kb8 0-1

[Event "Team B15 chess final 2018"]
[Site "Sochi"]
[Date "2018.05.02"]
[Round "2.2"]
[White "Kuzmin, Roman"]
[Black "Tsvetkov, Andrey"]
[Result "1/2-1/2"]
[WhiteElo "1950"]
[BlackElo "2216"]
[PlyCount "93"]
[EventDate "2018.05.01"]
[BlackTeam "Ð¡Ð¨ "]

1. e4 c5 2. Nf3 d6 3. d4 cxd4 4. Nxd4 Nf6 5. Nc3 a6 6. h3 e5 7. Nde2 b5 8. g4
b4 9. Nd5 Nxd5 10. Qxd5 Ra7 11. Be3 Be6 12. Qd3 Rb7 13. Bg2 Be7 14. O-O O-O 15.
c3 a5 16. f4 Qc8 17. b3 f6 18. f5 Bf7 19. Rac1 Qd7 20. Rfd1 a4 21. c4 Rc8 22.
h4 Qd8 23. Bh3 Nd7 24. Kh2 Nc5 25. Bxc5 Rxc5 26. Qe3 Kf8 27. Rc2 h6 28. Nc1 Qb6
29. Qd2 Ra5 30. Bf1 Be8 31. Qf2 Qxf2+ 32. Rxf2 Bc6 33. Bd3 Bd8 34. Bc2 Bb6 35.
Rfd2 axb3 36. axb3 Bc5 37. Kg3 Ke7 38. Kf3 Ra8 39. h5 Ra1 40. Ne2 Rba7 41. Rxa1
Rxa1 42. Rd1 Ra2 43. Rd2 Rb2 44. Nc1 Bd4 45. Nd3 Bc3 46. Nxb2 Bxd2 47. Ke2
1/2-1/2

[Event "Team B15 chess final 2018"]
[Site "Sochi"]
[Date "2018.05.02"]
[Round "2.3"]
[White "Vasilyev, Alexey"]
[Black "Garifullina, Leya"]
[Result "1/2-1/2"]
[WhiteElo "2074"]
[BlackElo "2061"]
[PlyCount "77"]
[EventDate "2018.05.01"]
[WhiteTeam "Ð¡Ð¨ "]

1. d4 Nf6 2. Nf3 e6 3. Bf4 d5 4. e3 c5 5. c3 Nc6 6. Nbd2 Bd6 7. Bg3 Qe7 8. Bb5
Bd7 9. O-O Bxg3 10. hxg3 O-O 11. a4 Rfc8 12. Ne5 Be8 13. g4 Nd7 14. Bxc6 bxc6
15. Nxd7 Bxd7 16. Nb3 c4 17. Nc5 Rab8 18. Qd2 e5 19. f3 Be8 20. Rae1 f6 21. f4
e4 22. f5 Bf7 23. Qf2 h6 24. Re2 a5 25. Qg3 Rb6 26. Rff2 Qc7 27. Qh3 Re8 28. g3
Qc8 29. Rh2 Kf8 30. Qf1 Ke7 31. Reg2 Qc7 32. Qf4 Qd6 33. Qf1 Reb8 34. Qf4 Re8
35. Qf1 Reb8 36. Qf4 Re8 37. Qf1 Reb8 38. Qf4 Re8 39. Qf1 1/2-1/2

[Event "Team B15 chess final 2018"]
[Site "Sochi"]
[Date "2018.05.02"]
[Round "2.4"]
[White "Pingin, Artem"]
[Black "Girshgorn, Leonid"]
[Result "1/2-1/2"]
[WhiteElo "1972"]
[BlackElo "1886"]
[PlyCount "127"]
[EventDate "2018.05.01"]
[BlackTeam "Ð¡Ð¨ "]

1. d4 Nf6 2. Bf4 d5 3. Nf3 c5 4. e3 Nc6 5. c3 e6 6. Nbd2 Bd6 7. Bg3 O-O 8. Bb5
Ne7 9. Bd3 b6 10. Bxd6 Qxd6 11. Ne5 Nd7 12. Nxd7 Bxd7 13. Qh5 Ng6 14. Nf3 Be8
15. Ng5 h6 16. Nxf7 Nf4 17. Nxh6+ gxh6 18. Qg4+ Kh8 19. exf4 cxd4 20. O-O Rxf4
21. Qh3 e5 22. g3 Bd7 23. Qh5 Bg4 24. Qg6 Qxg6 25. Bxg6 Rf6 26. Bc2 Rc8 27. Bb3
Bh3 28. Rfd1 Rcf8 29. Rd2 e4 30. f4 exf3 31. Kf2 dxc3 32. bxc3 Re8 33. Bxd5 Bg4
34. Bc4 Re4 35. Bd3 Rd6 36. Rad1 Re5 37. Bf1 Rf6 38. Rd4 Bh5 39. g4 Bf7 40. c4
Kg7 41. Bd3 h5 42. Rg1 Ra5 43. Bb1 Re5 44. gxh5+ Kf8 45. Re4 Rxh5 46. h4 b5 47.
Rg5 bxc4 48. Rxc4 Rb6 49. Rxh5 Bxh5 50. Be4 Rb2+ 51. Rc2 Rb4 52. Bxf3 Bxf3 53.
Kxf3 Rxh4 54. Rc8+ Ke7 55. Rc7+ Kd6 56. Rxa7 Kc6 57. Ke2 Kb6 58. Ra3 Rh2+ 59.
Kd1 Kb5 60. Ra8 Kb4 61. Rb8+ Ka3 62. Ra8+ Kb4 63. Rb8+ Ka3 64. Ra8+ 1/2-1/2

[Event "Team B15 chess final 2018"]
[Site "Sochi"]
[Date "2018.05.02"]
[Round "2.1"]
[White "Mochalin, Faddey"]
[Black "Tsoi, Dmitry"]
[Result "0-1"]
[WhiteElo "2077"]
[BlackElo "2348"]
[PlyCount "108"]
[EventDate "2018.05.01"]

1. e4 d5 2. exd5 Qxd5 3. Nc3 Qa5 4. d4 Nf6 5. Nf3 Bg4 6. h3 Bxf3 7. Qxf3 c6 8.
Bd3 e6 9. O-O Nbd7 10. Bf4 Be7 11. Rfe1 O-O 12. Ne4 Nxe4 13. Qxe4 Nf6 14. Qe2
Rfd8 15. c3 Bd6 16. Bd2 h6 17. Qf3 Qd5 18. Qe2 Bc7 19. Be3 Qd6 20. g3 Nd5 21.
Bd2 b5 22. h4 a5 23. Rad1 a4 24. a3 Qd7 25. Qf3 Bd6 26. Bc1 Kf8 27. Re2 Be7 28.
Re5 Bd6 29. Ree1 Kg8 30. Kg2 Rac8 31. Rh1 Bb8 32. Rde1 c5 33. Be3 Ba7 34. h5
cxd4 35. cxd4 b4 36. axb4 Nxb4 37. Be4 Nc2 38. Rd1 Nxd4 39. Bxd4 Bxd4 40. Rh4
Qa7 41. Bc6 Rd6 42. Be4 Qb6 43. Qa3 Be5 44. Rxd6 Qxd6 45. Qxa4 Rb8 46. Qc2 Bd4
47. b3 Bf6 48. Bh7+ Kh8 49. Rc4 Rd8 50. Rc8 Rxc8 51. Qxc8+ Kxh7 52. b4 Qxb4 53.
Qd7 Qe7 54. Qc8 Qd8 0-1

[Event "Team B15 chess final 2018"]
[Site "Sochi"]
[Date "2018.05.02"]
[Round "2.2"]
[White "Murzin, Volodar"]
[Black "Bobkov, Vadim"]
[Result "1/2-1/2"]
[WhiteElo "2302"]
[BlackElo "1933"]
[PlyCount "115"]
[EventDate "2018.05.01"]

1. e4 c5 2. Nf3 e6 3. g3 Nc6 4. Bg2 Nf6 5. d3 d5 6. Nbd2 Be7 7. O-O b6 8. Re1
Bb7 9. c3 Qc7 10. Qe2 h6 11. Nf1 dxe4 12. dxe4 Rd8 13. Bf4 Qc8 14. Rad1 O-O 15.
e5 Nd5 16. Bc1 Na5 17. N1d2 Rd7 18. Ne4 Ba6 19. Qc2 Rfd8 20. b3 Nc6 21. a3 Bb7
22. Bb2 Nc7 23. c4 Nb4 24. Nf6+ gxf6 25. axb4 f5 26. bxc5 Bxc5 27. Qc1 Kh7 28.
Rxd7 Qxd7 29. Qf4 Bxf3 30. Qxf3 Qd2 31. Re2 Qd3 32. Qh5 Kg7 33. Bf3 Qb1+ 34.
Kg2 Rd1 35. Kh3 Be7 36. Bc3 Qc1 37. Ra2 Rg1 38. Ra1 Qxc3 39. Rxg1 Qxe5 40. Bc6
Na6 41. Rd1 Nb4 42. Be8 Qf6 43. f4 Kf8 44. Ba4 a5 45. Qe2 Bc5 46. Qe5 Qxe5 47.
fxe5 Nc2 48. Rd8+ Kg7 49. Rd7 Nd4 50. Kg2 Kf8 51. Rb7 Nc2 52. Rb8+ Kg7 53. Kf3
Nd4+ 54. Kg2 Nc2 55. Kf3 Nd4+ 56. Kg2 Nc2 57. Kf3 Nd4+ 58. Kg2 1/2-1/2

[Event "Team B15 chess final 2018"]
[Site "Sochi"]
[Date "2018.05.02"]
[Round "2.3"]
[White "Petrovsky, Nikita"]
[Black "Ter-Saakian, Grigorii"]
[Result "1/2-1/2"]
[WhiteElo "1880"]
[BlackElo "2066"]
[PlyCount "92"]
[EventDate "2018.05.01"]

1. e4 d5 2. exd5 Qxd5 3. Nc3 Qd6 4. Bc4 Nf6 5. d4 a6 6. Be3 Nc6 7. h3 Bf5 8.
Nf3 e6 9. Qd2 O-O-O 10. a3 h6 11. O-O-O Ne4 12. Nxe4 Bxe4 13. Rhe1 Bxf3 14.
gxf3 Ne7 15. Bb3 Qd7 16. Kb1 g6 17. c3 Bg7 18. Bf4 Qc6 19. Qd3 g5 20. Bg3 Rhe8
21. f4 Qb6 22. Ba2 Bf8 23. Ka1 Nf5 24. fxg5 hxg5 25. Be5 Bd6 26. Bf6 Be7 27.
Bxe7 Rxe7 28. Qf3 c6 29. Qg4 Rh8 30. Qxg5 Ree8 31. Qf6 Qc7 32. d5 cxd5 33. Bxd5
Qe7 34. Qxe7 Nxe7 35. Bg2 Reg8 36. Bf1 Ng6 37. Re4 Rh4 38. Rdd4 Rxe4 39. Rxe4
Rh8 40. Kb1 e5 41. Bc4 f6 42. Be6+ Kc7 43. Rg4 Ne7 44. Rg3 Kd6 45. Bc4 e4 46.
Bf1 Nf5 1/2-1/2

[Event "Team B15 chess final 2018"]
[Site "Sochi"]
[Date "2018.05.02"]
[Round "2.4"]
[White "Chertkov, Maksim"]
[Black "Leukhin, Artem"]
[Result "1-0"]
[WhiteElo "1586"]
[BlackElo "1656"]
[PlyCount "101"]
[EventDate "2018.05.01"]

1. e4 e6 2. d4 d5 3. Nd2 a6 4. Ngf3 c5 5. exd5 exd5 6. Be2 Nf6 7. O-O Be7 8.
dxc5 Bxc5 9. Nb3 Bb6 10. Bg5 O-O 11. c3 Nc6 12. Bxf6 Qxf6 13. Qxd5 Be6 14. Qg5
Qxg5 15. Nxg5 Bf5 16. Nf3 Rfe8 17. Bc4 h6 18. Nbd4 Nxd4 19. Nxd4 Bxd4 20. cxd4
b5 21. Bd5 Rad8 22. Bb7 Re2 23. Bxa6 Rxb2 24. Rfd1 Ra8 25. Bb7 Raxa2 26. Rxa2
Rxa2 27. d5 b4 28. d6 b3 29. g4 Bd7 30. Bd5 Bxg4 31. Bxb3 Bxd1 32. Bxa2 Ba4 33.
Kg2 Kf8 34. Kf3 Ke8 35. Ke4 Kd7 36. Kd5 Bc2 37. Kc5 f5 38. Kd5 g5 39. Ke5 f4
40. Be6+ Kc6 41. d7 Kc7 42. Kf6 Kd8 43. Kg7 h5 44. Kh6 g4 45. Kxh5 g3 46. hxg3
fxg3 47. fxg3 Ba4 48. g4 Bxd7 49. Bxd7 Kxd7 50. Kh6 Ke6 51. g5 1-0

[Event "Team B15 chess final 2018"]
[Site "Sochi"]
[Date "2018.05.02"]
[Round "2.1"]
[White "Kirushin, Ivan"]
[Black "Sargsyan, Anatoly"]
[Result "0-1"]
[WhiteElo "1800"]
[BlackElo "1650"]
[PlyCount "108"]
[EventDate "2018.05.01"]
[WhiteTeam "Ð¡Ð¨ÐžÐ  "]

1. e4 c5 2. Nf3 Nc6 3. d4 cxd4 4. Nxd4 Qb6 5. Nb3 Nf6 6. Nc3 e6 7. Qe2 Qc7 8.
g4 d6 9. g5 Nd7 10. Be3 a6 11. O-O-O Be7 12. h4 b5 13. f4 Nb6 14. Bxb6 Qxb6 15.
Bg2 Rb8 16. Rhe1 Qc7 17. f5 b4 18. Nb1 a5 19. a4 bxa3 20. Nxa3 a4 21. Nd4 Nxd4
22. Rxd4 Bd7 23. Nb1 Qb6 24. c3 Rc8 25. Rc4 Rxc4 26. Qxc4 Qf2 27. Re2 Qxh4 28.
g6 hxg6 29. fxg6 Qg5+ 30. Nd2 Qxg6 31. Qc7 Rh2 32. Qb8+ Bd8 33. Bf1 Rxe2 34.
Bxe2 Qg1+ 35. Kc2 Qb6 36. Qa8 Bc6 37. Qc8 Ke7 38. Kd1 Bb7 39. Qc4 Qxb2 40. Qxa4
Qxc3 41. Qa7 Qc7 42. Qg1 Kf8 43. Qh2 Kg8 44. Bd3 g6 45. Qh6 Qc3 46. Ke2 Qf6 47.
Qe3 d5 48. e5 Qg5 49. Qd4 Qg2+ 50. Kd1 Bg5 51. Be2 Bxd2 52. Qb6 Bg5 53. Qxb7
Qg1+ 54. Kc2 Qc1+ 0-1

[Event "Team B15 chess final 2018"]
[Site "Sochi"]
[Date "2018.05.02"]
[Round "2.2"]
[White "Kamaev, Dzhabrail"]
[Black "Smelykh, Edvin"]
[Result "0-1"]
[WhiteElo "1956"]
[BlackElo "1937"]
[PlyCount "138"]
[EventDate "2018.05.01"]
[BlackTeam "Ð¡Ð¨ÐžÐ  "]

1. Nf3 Nf6 2. g3 b6 3. Bg2 Bb7 4. O-O e6 5. c4 Be7 6. b3 O-O 7. Bb2 d6 8. d4
Nbd7 9. Nbd2 Ne4 10. Qc2 f5 11. Ne1 Ndf6 12. Nd3 Nxd2 13. Qxd2 Bxg2 14. Kxg2
Ne4 15. Qe3 Bg5 16. f4 Bf6 17. Nf2 d5 18. Rad1 Qd7 19. Nxe4 fxe4 20. Qd2 Be7
21. e3 a5 22. Qe2 a4 23. Ra1 Ra7 24. Bc3 axb3 25. axb3 Rfa8 26. Rxa7 Rxa7 27.
Ra1 Rxa1 28. Bxa1 g6 29. Qa2 Qc6 30. Qa6 Kf7 31. c5 Bd8 32. b4 Qd7 33. b5 Qe7
34. Bb2 bxc5 35. Ba3 Qd7 36. Bxc5 Be7 37. b6 cxb6 38. Qxb6 Bd8 39. Qb8 Qc7 40.
Qa8 Qa5 41. Qb7+ Qc7 42. Qb5 Be7 43. Qb4 Bd8 44. g4 Qa5 45. Qb7+ Qc7 46. Qb5
Be7 47. Qb4 Bd8 48. Kh3 Qa5 49. Qb7+ Qc7 50. Qb5 Be7 51. Qb4 Bd8 52. g5 Qa5 53.
Qb7+ Qc7 54. Qb5 Be7 55. Qb4 Bd8 56. Kg4 Qd7 57. Kg3 Qc7 58. h4 Qa5 59. Qb7+
Qc7 60. Qb5 Be7 61. Qb4 Bd8 62. Qb5 Be7 63. Kg4 Bd8 64. h5 Be7 65. hxg6+ hxg6
66. Qb4 Qd7 67. Kg3 Qc7 68. Qa3 Qb7 69. Bxe7 Qxe7 0-1

[Event "Team B15 chess final 2018"]
[Site "Sochi"]
[Date "2018.05.02"]
[Round "2.3"]
[White "Fridman, Roman A"]
[Black "Kalaychev, Nodis"]
[Result "1-0"]
[WhiteElo "1735"]
[BlackElo "1525"]
[PlyCount "119"]
[EventDate "2018.05.01"]
[WhiteTeam "Ð¡Ð¨ÐžÐ  "]

1. c4 d6 2. Nc3 g6 3. Nf3 Bg7 4. g3 Nf6 5. Bg2 O-O 6. d3 c6 7. O-O e5 8. Bd2
Ne8 9. Qc1 f5 10. Bh6 Nf6 11. Bxg7 Kxg7 12. b4 h6 13. b5 g5 14. Nd2 Qe8 15. Qa3
Qe7 16. Rab1 f4 17. Nde4 Nxe4 18. Nxe4 c5 19. Nc3 Be6 20. Nd5 Qf7 21. Qc3 Nd7
22. Nc7 Rab8 23. Nxe6+ Qxe6 24. h3 g4 25. Bd5 Qg6 26. h4 Nf6 27. e3 fxg3 28.
fxg3 Nxd5 29. cxd5 Rf3 30. Rxf3 gxf3 31. Kf2 Qg4 32. Rh1 Rg8 33. Qc4 Kf6 34.
Qxg4 Rxg4 35. e4 Ke7 36. Kxf3 Rg8 37. Rb1 Kd7 38. b6 axb6 39. Rxb6 Kc7 40. Rb3
Ra8 41. a3 b5 42. Rxb5 Rxa3 43. Ke2 Ra2+ 44. Ke3 Ra3 45. Rb2 c4 46. Rd2 c3 47.
Rc2 Kb6 48. d4 exd4+ 49. Kxd4 Ra4+ 50. Kd3 Ra7 51. Rxc3 Rg7 52. Rc6+ Kb7 53.
Rxd6 Rxg3+ 54. Kd4 Rg1 55. Rxh6 Rd1+ 56. Ke5 Rh1 57. Rh7+ Kc8 58. Kd6 Re1 59.
Rh8+ Kb7 60. e5 1-0

[Event "Team B15 chess final 2018"]
[Site "Sochi"]
[Date "2018.05.02"]
[Round "2.1"]
[White "Kopylov, Artem"]
[Black "Ril, Evgeny"]
[Result "1-0"]
[WhiteElo "1696"]
[BlackElo "1754"]
[PlyCount "67"]
[EventDate "2018.05.01"]

1. d4 Nf6 2. c4 e6 3. Nc3 Bb4 4. f3 c5 5. a3 cxd4 6. axb4 dxc3 7. bxc3 O-O 8.
e3 d5 9. Bd2 b6 10. cxd5 Nxd5 11. e4 Ne7 12. Bb5 Bd7 13. Be2 Nbc6 14. Nh3 Ng6
15. O-O Qc7 16. Qb3 e5 17. Nf2 Be6 18. Qb2 Nf4 19. Bb5 Rfd8 20. Rfd1 Ne7 21.
Ra3 Nc8 22. c4 f6 23. Bxf4 Rxd1+ 24. Nxd1 exf4 25. Nc3 Nd6 26. Nd5 Bxd5 27.
exd5 Nxb5 28. cxb5 Qd7 29. Qd4 Qxb5 30. d6 Qe2 31. Qd5+ Kf8 32. Qxa8+ Kf7 33.
Rxa7+ Kg6 34. Qe4+ 1-0

[Event "Team B15 chess final 2018"]
[Site "Sochi"]
[Date "2018.05.02"]
[Round "2.2"]
[White "Tsybulkin, Ivan"]
[Black "Kuznetsova, Olga"]
[Result "1-0"]
[WhiteElo "1814"]
[BlackElo "1439"]
[PlyCount "71"]
[EventDate "2018.05.01"]

1. d4 d5 2. Bf4 c5 3. e3 e6 4. c3 Nf6 5. Nf3 Nc6 6. Nbd2 a6 7. Bd3 b5 8. Rc1
Bb7 9. Bb1 g6 10. O-O Bg7 11. dxc5 h5 12. Nd4 h4 13. h3 Nh5 14. Nxe6 fxe6 15.
Bxg6+ Kd7 16. Bxh5 Ne5 17. Ne4 Kc7 18. Ng5 Qe7 19. Nf7 Rhg8 20. Nxe5 Bxe5 21.
Bxe5+ Kc8 22. Qd4 Bc6 23. Bg4 Kb7 24. a4 Rg6 25. axb5 Bxb5 26. Rfd1 Rag8 27. f3
Qh7 28. b3 Be2 29. Rd2 Bb5 30. c4 dxc4 31. bxc4 Bc6 32. Qb2+ Ka8 33. Qb6 Bb7
34. Rd8+ Rxd8 35. Qxd8+ Ka7 36. Qb8# 1-0

[Event "Team B15 chess final 2018"]
[Site "Sochi"]
[Date "2018.05.02"]
[Round "2.3"]
[White "Kuznetsova, Yulia"]
[Black "Druchenko, Mikhail"]
[Result "1/2-1/2"]
[WhiteElo "1319"]
[BlackElo "1822"]
[PlyCount "81"]
[EventDate "2018.05.01"]

1. e4 e5 2. Nf3 Nc6 3. Bb5 Nd4 4. Nxd4 exd4 5. O-O Bc5 6. d3 c6 7. Ba4 b5 8.
Bb3 d5 9. a4 b4 10. a5 Ne7 11. exd5 cxd5 12. Ba4+ Bd7 13. Bxd7+ Qxd7 14. Nd2
O-O 15. Nb3 Rac8 16. Bd2 Qb5 17. Qf3 a6 18. Rfe1 Qb7 19. Nxc5 Rxc5 20. Rxe7
Qxe7 21. Bxb4 Re8 22. h3 Qc7 23. Bxc5 Qxc5 24. Ra4 Qxc2 25. Rxd4 Qc7 26. g3
Qxa5 27. Qxd5 Qa1+ 28. Kg2 Qxb2 29. Qc6 Qb5 30. Qxb5 axb5 31. Rb4 Re5 32. f4
Rd5 33. d4 f5 34. Kf3 Kf7 35. Ke3 h6 36. h4 Kg6 37. Rb1 Kh5 38. Rh1 Kg6 39. h5+
Kf6 40. Kd3 Rd6 41. Rb1 1/2-1/2

[Event "Team B15 chess final 2018"]
[Site "Sochi"]
[Date "2018.05.02"]
[Round "2.4"]
[White "Smekalov, Alexei"]
[Black "Komaev, Tamerlan"]
[Result "1-0"]
[WhiteElo "1486"]
[BlackElo "1184"]
[PlyCount "65"]
[EventDate "2018.05.01"]

1. e4 c5 2. Nf3 e6 3. d4 cxd4 4. Nxd4 Nf6 5. Nc3 d6 6. f4 Nc6 7. Be3 Be7 8. Qf3
O-O 9. O-O-O a6 10. Rg1 Qc7 11. g4 Nd7 12. g5 Nb6 13. Rg3 e5 14. Nf5 Bxf5 15.
exf5 exf4 16. Bxf4 Ne5 17. Bxe5 dxe5 18. f6 Bd8 19. Qh5 Re8 20. Ne4 Re6 21. Rh3
Kf8 22. Qxh7 Bxf6 23. gxf6 gxf6 24. Rc3 Qb8 25. Bh3 Rc6 26. Rxc6 bxc6 27. Qh8+
Ke7 28. Qxf6+ Kf8 29. Ng5 Qb7 30. Rd7 Qxd7 31. Bxd7 Kg8 32. Qxf7+ Kh8 33. Qh7#
1-0

[Event "Team B15 chess final 2018"]
[Site "Sochi"]
[Date "2018.05.02"]
[Round "2.1"]
[White "Kuznetsov, Sergey"]
[Black "Balayan, Eduard"]
[Result "1-0"]
[WhiteElo "1708"]
[BlackElo "1387"]
[PlyCount "65"]
[EventDate "2018.05.01"]

1. e4 c5 2. Nf3 d6 3. d4 cxd4 4. Nxd4 Nf6 5. Nc3 a6 6. Bc4 e6 7. O-O b5 8. Bb3
Be7 9. Qf3 Qb6 10. Be3 Qb7 11. Qg3 Nbd7 12. f3 O-O 13. Nd5 Nxd5 14. exd5 exd5
15. Nf5 Bf6 16. Bh6 Qb6+ 17. Kh1 Ne5 18. Bxg7 Bxf5 19. Bxf6+ Bg6 20. Qh3 Qe3
21. Rae1 Qf4 22. Be7 Rfe8 23. Bxd6 Rad8 24. Bc7 Rc8 25. Bxe5 Qg5 26. f4 Qf5 27.
g4 Qd7 28. f5 f6 29. Bxf6 Rxe1 30. Rxe1 Re8 31. Rxe8+ Bxe8 32. Qe3 Bf7 33. Qg5+
1-0

[Event "Team B15 chess final 2018"]
[Site "Sochi"]
[Date "2018.05.02"]
[Round "2.2"]
[White "Korobchenko, Yuri"]
[Black "Matushchak, Nikita"]
[Result "1/2-1/2"]
[WhiteElo "1470"]
[BlackElo "1737"]
[PlyCount "137"]
[EventDate "2018.05.01"]

1. d4 Nf6 2. c4 e6 3. Nf3 b6 4. g3 Ba6 5. b3 Bb4+ 6. Bd2 Bxd2+ 7. Nbxd2 Bb7 8.
Bg2 O-O 9. O-O d5 10. Rc1 Nbd7 11. Ne1 c5 12. dxc5 Nxc5 13. b4 Nce4 14. cxd5
exd5 15. Nd3 Qe7 16. f3 Nd6 17. Re1 Qe3+ 18. Kh1 Nf5 19. Rc7 Ba6 20. Nf1 Qd4
21. a3 Rfe8 22. Rc1 Ne3 23. Qb3 Bc4 24. Qb1 Nh5 25. Nxe3 Qxe3 26. f4 Re6 27.
Bf3 Rh6 28. Kg2 Re8 29. Ne5 Nxf4+ 30. gxf4 Qxf4 31. Ng4 Rh4 32. h3 h5 33. Nf2
Re6 34. Kh1 Rg6 35. Rg1 Rg3 36. Rxg3 Qxg3 37. Rf1 Rf4 38. Qe1 Rxf3 39. exf3
Qxf3+ 40. Kh2 Bxf1 41. Qxf1 Qxa3 42. Qb5 Qf3 43. Qe8+ Kh7 44. Qe1 f5 45. Qd2 h4
46. Qc2 g6 47. Qc7+ Kh6 48. Kg1 Qe3 49. Qxa7 Qe1+ 50. Kg2 Qxb4 51. Qa1 Qd6 52.
Qc1+ g5 53. Qc8 Qf6 54. Qd7 d4 55. Kg1 Qe5 56. Qc6+ Kh5 57. Qxb6 g4 58. hxg4+
fxg4 59. Qb1 Qe6 60. Qd1 Qf5 61. Qxd4 Qb1+ 62. Kg2 h3+ 63. Nxh3 gxh3+ 64. Kxh3
Qf1+ 65. Kg3 Qe1+ 66. Qf2 Qe5+ 67. Kg2 Qg5+ 68. Kf1 Qc1+ 69. Qe1 1/2-1/2

[Event "Team B15 chess final 2018"]
[Site "Sochi"]
[Date "2018.05.02"]
[Round "2.3"]
[White "Derevschikov, Nikita"]
[Black "Zhugin, Nikolay"]
[Result "1-0"]
[WhiteElo "1593"]
[BlackElo "1352"]
[PlyCount "105"]
[EventDate "2018.05.01"]

1. e4 c5 2. Nf3 e6 3. c3 d5 4. exd5 Qxd5 5. d4 Nf6 6. Na3 Nc6 7. Nb5 Qd8 8. Bf4
Nd5 9. Bg3 a6 10. Na3 cxd4 11. Nxd4 Bxa3 12. Nxc6 bxc6 13. bxa3 Qa5 14. Qd2 O-O
15. c4 Qxd2+ 16. Kxd2 Nf6 17. Bd3 Rd8 18. Kc3 c5 19. Rab1 Ra7 20. f3 Nh5 21.
Bh4 f6 22. Rhd1 Rad7 23. Rb8 Nf4 24. Bxh7+ Kxh7 25. Rxd7 Rxd7 26. Rxc8 Nxg2 27.
Bg3 Ne3 28. Rxc5 Nd1+ 29. Kb4 Rd2 30. Rc6 Rb2+ 31. Kc5 a5 32. Ra6 Rxa2 33. Rxa5
e5 34. Kc6 Rc2 35. c5 Ne3 36. Kb7 Nc4 37. Ra6 Rb2+ 38. Kc7 Rb3 39. a4 Rxf3 40.
c6 e4 41. Kb8 Rb3+ 42. Ka7 Rc3 43. c7 Ne5 44. Kb7 Rb3+ 45. Rb6 Rxb6+ 46. Kxb6
Nd7+ 47. Kb5 Nb6 48. Kxb6 e3 49. c8=Q e2 50. Qf5+ Kh8 51. a5 g6 52. Qxg6 f5 53.
Be5# 1-0

[Event "Team B15 chess final 2018"]
[Site "Sochi"]
[Date "2018.05.02"]
[Round "2.4"]
[White "Pashinin, Maxim"]
[Black "Maisakov, Mikhail"]
[Result "0-1"]
[WhiteElo "1248"]
[BlackElo "1561"]
[PlyCount "64"]
[EventDate "2018.05.01"]

1. d4 Nf6 2. Bg5 e6 3. e4 d6 4. Nc3 Be7 5. Bxf6 Bxf6 6. Nf3 O-O 7. Bc4 Re8 8.
O-O Nd7 9. Re1 Nf8 10. e5 Be7 11. exd6 Bxd6 12. Ne5 Ng6 13. Qf3 Bxe5 14. dxe5
Qg5 15. Qg3 Qxg3 16. hxg3 Rd8 17. Nb5 Bd7 18. Rad1 Bxb5 19. Rxd8+ Rxd8 20. Bxb5
Rd5 21. Bc4 Rxe5 22. Rd1 Kf8 23. Rd8+ Ke7 24. Rb8 Re1+ 25. Kh2 Ne5 26. Rxb7
Ng4+ 27. Kh3 Nxf2+ 28. Kh4 Re4+ 29. Kh5 Rxc4 30. Rxa7 Kf6 31. Ra5 Rxc2 32. b3
Rc1 0-1

[Event "Team B15 chess final 2018"]
[Site "Sochi"]
[Date "2018.05.03"]
[Round "3.1"]
[White "Grachev, Alexey"]
[Black "Tsoi, Dmitry"]
[Result "0-1"]
[WhiteElo "2220"]
[BlackElo "2348"]
[PlyCount "100"]
[EventDate "2018.05.01"]

1. e4 c6 2. d4 d5 3. e5 Bf5 4. Nf3 e6 5. Be2 Ne7 6. O-O Nc8 7. Nbd2 Be7 8. Nb3
O-O 9. a4 Nd7 10. c3 c5 11. dxc5 Nxc5 12. a5 Qc7 13. Nbd4 Bg6 14. Bf4 a6 15. c4
dxc4 16. Bxc4 b5 17. Be2 Na7 18. Qc1 Rac8 19. Qe3 Qb7 20. Bg5 Bxg5 21. Nxg5 h6
22. Bf3 Qb8 23. Nh3 Nd3 24. Rfe1 Nxe1 25. Rxe1 Bh7 26. Nf4 Rfd8 27. b3 Qc7 28.
Ndxe6 fxe6 29. Nxe6 Rd3 30. Nxc7 Rxe3 31. Rxe3 Rxc7 32. g3 Kf8 33. Bd5 Ke7 34.
f4 Bf5 35. g4 Rc1+ 36. Kf2 Rc2+ 37. Kg1 Be6 38. Bb7 Bc8 39. Be4 Rc1+ 40. Kf2
Nc6 41. Rd3 Rc2+ 42. Kg3 g5 43. Re3 Rc1 44. Bxc6 gxf4+ 45. Kxf4 Rxc6 46. h4 Rc1
47. g5 Rf1+ 48. Kg3 hxg5 49. hxg5 Rg1+ 50. Kh4 Rh1+ 0-1

[Event "Team B15 chess final 2018"]
[Site "Sochi"]
[Date "2018.05.03"]
[Round "3.2"]
[White "Murzin, Volodar"]
[Black "Ponomarev, Grigori"]
[Result "1/2-1/2"]
[WhiteElo "2302"]
[BlackElo "2225"]
[PlyCount "74"]
[EventDate "2018.05.01"]

1. e4 c5 2. Nf3 Nc6 3. Bb5 g6 4. Bxc6 bxc6 5. O-O Bg7 6. Re1 Nh6 7. h3 O-O 8.
c3 f6 9. d4 cxd4 10. cxd4 f5 11. e5 Nf7 12. Nc3 e6 13. Na4 g5 14. Nc5 g4 15.
hxg4 fxg4 16. Nd2 g3 17. Nf3 gxf2+ 18. Kxf2 d6 19. exd6 Nxd6 20. Kg1 Nf5 21.
Re4 Qd5 22. Be3 e5 23. Nxe5 Ng3 24. Rf4 Rxf4 25. Bxf4 Qxd4+ 26. Qxd4 Ne2+ 27.
Kf2 Nxd4 28. Rd1 Ne6 29. Nxe6 Bxe6 30. Nxc6 Bxa2 31. Ra1 Be6 32. Rxa7 Rxa7 33.
Nxa7 Bxb2 34. Nc6 Bf6 35. Be5 Bd7 36. Bxf6 Bxc6 37. Bd4 Bd5 1/2-1/2